000 00374nam a22001217a 4500
999 _c2276
_d2276
005 20200910160930.0
008 200910b ||||| |||| 00| 0 eng d
020 _a12975
040 _cCML
245 _aThe National Expenence.
_cBlumetal
260 _aUnited States of America
_bHarcourt, Brace and World, Inc
_c1963
942 _2ddc
_cBK
_e1st Edition
_h973
_mBLU